Growing up with science : the illustrated encyclopaedia of invention. Volume 3.
Сохранить в:
| Формат: | |
|---|---|
| Язык: | английский |
| Опубликовано: |
Tarrytown :
Webster's home library,
c1990.
|
| Предметы: | |
| Метки: |
Нет меток, Требуется 1-ая метка записи!
|
MARC
| LEADER | 00000cam a22000002a 4500 | ||
|---|---|---|---|
| 001 | 0000032269 | ||
| 003 | DAYSTAR | ||
| 005 | 20171002020544.0 | ||
| 008 | 060802s1990 xx 001 0 eng d | ||
| 040 | |a Daystar | ||
| 040 | |d COnyango | ||
| 050 | 0 | 0 | |a Q121 |b .G764 |
| 245 | 0 | 0 | |a Growing up with science : |b the illustrated encyclopaedia of invention. |n Volume 3. |
| 260 | |a Tarrytown : |b Webster's home library, |c c1990. | ||
| 300 | |a 280 p. : |b ill. | ||
| 500 | |a Includes index. | ||
| 650 | 0 | |a Science -Dictionaries.Juvenile. | |
| 908 | |a 060802 | ||
| 942 | |c CHI | ||
| 952 | |0 0 |1 0 |4 0 |6 Q_121_000000000000000_G764 |7 0 |9 30470 |a DUA |b DUA |c CHI |d 2017-09-28 |l 0 |o CHI Q121.G764 |p BK023249 |r 2017-09-28 00:00:00 |t v.3 |w 2017-09-28 |x 58528 |y CHI | ||
| 999 | |c 19295 |d 19295 | ||